000 00279nam a2200109Ia 4500
001 587594
005 20250717113818.0
008 250717s9999 xx 000 0 und d
245 0 _aW-1 YILBAŞI KURABİYELERİ
_cERIKA BARTOS
260 _bYAPI KREDİ YAYINLARI
_c2020
300 _b19
999 _c587594
_d587594